| 000 | 00844nam a2200253Ia 4500 | ||
|---|---|---|---|
| 003 | OSt | ||
| 005 | 20221005133611.0 | ||
| 006 | a|||||r|||| 00| 0 | ||
| 007 | ta | ||
| 008 | 221004b |||||||| |||| 00| 0 hin d | ||
| 020 |
_a8187779519 (hbk) _c250 |
||
| 024 | _a86684 | ||
| 037 |
_b156, 28/03/2007, Swaraj Book Distributor _cTextual |
||
| 040 |
_aCRL _cCRL _bhin |
||
| 041 |
_2hin _ahin |
||
| 082 | _aP152:(X.1), 152P4 | ||
| 100 | _aपचौरी, सुधीश | ||
| 245 | 0 |
_aभूमंडलीयकरण _b बाजार और हिन्दी |
|
| 246 | _aBhūmanḍalīyakaraṇa: bājār aur hindī | ||
| 260 | _c2004 | ||
| 300 |
_a231पृ0 _ccm. |
||
| 942 |
_hP152:(X.1), 152P4 _cTEXL _2cc |
||
| 999 |
_c1067317 _d1067317 |
||